000 00772nam a2200217Ia 4500
001 19830
003 GE_BSU
008 181216s||||||||xx |||||||||||||| ||und||
040 _cGE_BSU
245 _aМолекулярная генетика микробиология и вирусология №4.том 34, 2016
245 _cГл. ред.Костров С.В.
260 _aМосква
260 _bМедицина
260 _c2016
300 _a160 стр. 26см.
653 _aМолекулярная генетика микробиология и вирусология №4.том 34, 2016
653 _aПериодика
653 _aმოლეკულური გენეტიკა
653 _aპერიოდიკა
942 _cCR
999 _c52800
_d52800